000 00477nam a22001577a 4500
003 LK-CoDNM
005 20240820103122.0
008 240820b |||||||| |||| 00| 0 eng d
040 _aLK-CoDNM
_dLK-CoDNM
_eLK-CoDNM
080 _a9
_bA23
100 _aCOLONEL, LIEUTENANT,JAMES
245 _aANNALS AND ANTIQUITIES OF BAJAST`HAN OR THE CENTRAL AND WESTERN RAJPOOT STATES OF INDIA - VOL 1
260 _bMADAS
_c1873
300 _axxix, 124p. : ill , map ; 24 cm
942 _cBK
999 _c148336
_d148336